000 00439nam a2200169Ia 4500
008 210210b2002 xxu||||| |||| 00| 0 eng d
020 _a81 203 2208 8
082 _a155.4 BERC
100 _aBERK (Laura E).
245 _aChild development. Ed.6
250 _a
260 _aND
_bPrentice-Hall of India Private Limited
_c2002
300 _axxv,642,SI-30
650 _aChild psychology
690 _aChild Psychology
906 _a060249
999 _c107016
_d107016